000 01230nac a22003371i 4500
003 EG-ScBUE
005 20240910094909.0
008 240910t2005 flua f b 001 0 eng d
020 _a1584883901 (alk. paper)
020 _a9781584883906
040 _aEG-ScBUE
_beng
_erda
_cEG-ScBUE
_dEG-ScBUE
082 0 4 _a511
_bCHA
_222
100 1 _aChartrand, Gary,
_eauthor.
245 1 0 _aGraphs & digraphs /
_cG. Chartrand, Western Michigan University and L. Lesniak, Drew University.
246 3 _aGraphs and digraphs
250 _aFourth edition.
264 1 _aBoca Raton :
_bChapman & Hall/CRC,
_c[2005]
264 4 _cc2005
300 _aviii, 386 pages :
_billustrations ;
_c25 cm
336 _2rdacontent
_atext
_btxt
337 _aunmediated
_2rdamedia
_bn
338 _avolume
_bnc
_2rdacarrier
504 _aIncludes bibliographical references and index.
650 7 _aGraph theory.
_2BUEsh
650 7 _aDirected graphs.
_2BUEsh
655 _vReading book
700 1 _aLesniak, Linda,
_eauthor.
856 4 1 _3Table of contents only
_uhttp://www.loc.gov/catdir/toc/fy051/2004052664.html
856 4 1 _3Publisher description
_uhttp://www.loc.gov/catdir/enhancements/fy0646/2004052664-d.html
942 _cBB
_2ddc
999 _c2024
_d2024